[Event "XXXV MEMORIAL IMIENIA LUDWIKA ZAMENHOFA"]
[Site "Bialystok"]
[Date "2016.??.??"]
[Round "2.26"]
[White "Chylewski, Patryk"]
[Black "Kowalski, Igor"]
[Result "1/2-1/2"]
[WhiteElo "2042"]
[BlackElo "2129"]
[PlyCount "86"]
[EventDate "2016.??.??"]

1. d4 Nf6 2. c4 e6 3. Nc3 Bb4 4. Qc2 O-O 5. a3 Bxc3+ 6. Qxc3 d6 7. Bg5 Nbd7 8.
e3 b6 9. Bd3 Bb7 10. f3 e5 11. Ne2 Re8 12. O-O Qe7 13. Rae1 Rac8 14. Qc2 Nf8
15. Ng3 g6 16. f4 e4 17. Bxf6 exd3 18. Bxe7 dxc2 19. Bxf8 Kxf8 20. e4 c1=Q 21.
Rxc1 Bxe4 22. Kf2 h5 23. Rfd1 Kg7 24. Nf1 Bc6 25. Re1 Kf6 26. g3 Rb8 27. Ne3
Be4 28. Nd5+ Bxd5 29. cxd5 Rxe1 30. Rxe1 Rc8 31. b4 c5 32. dxc5 bxc5 33. Rc1
Ke7 34. Ke3 Kd7 35. bxc5 dxc5 36. Rb1 Rc7 37. Kd3 Kd6 38. Kc4 Re7 39. Rb8 Re4+
40. Kb5 Re3 41. Rd8+ Ke7 42. Ra8 Rxa3 43. Kxc5 Kd7 1/2-1/2

[Event "XXXV MEMORIAL IMIENIA LUDWIKA ZAMENHOFA"]
[Site "Bialystok"]
[Date "2016.??.??"]
[Round "2.27"]
[White "Luba, Lukasz"]
[Black "Fus, Jakub"]
[Result "0-1"]
[WhiteElo "2114"]
[BlackElo "2033"]
[PlyCount "68"]
[EventDate "2016.??.??"]

1. e4 e6 2. d4 d5 3. e5 c5 4. c3 Qb6 5. f4 cxd4 6. cxd4 Nc6 7. Nf3 Nh6 8. Bd3
Bd7 9. Bc2 Nb4 10. O-O Nxc2 11. Qxc2 Nf5 12. Qf2 h5 13. Nc3 Be7 14. a3 Rc8 15.
Bd2 O-O 16. g3 Rc4 17. Kg2 Rfc8 18. h3 h4 19. gxh4 Qxb2 20. Rfb1 Qc2 21. Rxb7
R4c7 22. Rxc7 Rxc7 23. Rc1 Qd3 24. Nxd5 Rxc1 25. Nxe7+ Nxe7 26. Bxc1 Bc6 27.
Qe3 Qd1 28. Kf2 Nf5 29. Qc3 Bxf3 30. Qxf3 Qxc1 31. Qa8+ Kh7 32. Qxa7 Qe3+ 33.
Kf1 Ng3+ 34. Kg2 Ne4 0-1

[Event "XXXV MEMORIAL IMIENIA LUDWIKA ZAMENHOFA"]
[Site "Bialystok"]
[Date "2016.??.??"]
[Round "2.28"]
[White "Daniel, Damian"]
[Black "Ocytko, Andrzej"]
[Result "1/2-1/2"]
[WhiteElo "2030"]
[BlackElo "2110"]
[PlyCount "59"]
[EventDate "2016.??.??"]

1. d4 Nf6 2. c4 e6 3. g3 Bb4+ 4. Bd2 Be7 5. Bg2 d5 6. Nf3 O-O 7. Qc2 c6 8. O-O
Nbd7 9. Rd1 b6 10. a4 Ba6 11. b3 Qc8 12. Na3 Qb7 13. b4 Qc8 14. Rdc1 Qd8 15.
Ra2 Rc8 16. Qb1 Ne4 17. Be1 Bd6 18. c5 bxc5 19. dxc5 Be7 20. Nd4 Nef6 21. Rac2
g6 22. Nb3 Rb8 23. Qa1 Ng4 24. Na5 Qc7 25. Rb1 Bb7 26. Qa2 Rfc8 27. Rbc1 Ba6
28. Rb1 Bb7 29. Rbc1 Ba6 30. Rb1 1/2-1/2

[Event "XXXV MEMORIAL IMIENIA LUDWIKA ZAMENHOFA"]
[Site "Bialystok"]
[Date "2016.??.??"]
[Round "2.29"]
[White "Maj, Pawel"]
[Black "Drozdowski, Konrad"]
[Result "1/2-1/2"]
[WhiteElo "2109"]
[BlackElo "2024"]
[PlyCount "65"]
[EventDate "2016.??.??"]

1. c4 e6 2. g3 d5 3. Bg2 Nf6 4. Nf3 Bd6 5. b3 Nbd7 6. Bb2 O-O 7. O-O c6 8. d3
Qe7 9. Nbd2 e5 10. e4 dxe4 11. dxe4 Rd8 12. Nh4 Nf8 13. Qe2 Bc5 14. Ndf3 Bd4
15. Nxd4 exd4 16. Rae1 Bg4 17. f3 Be6 18. e5 Ne8 19. f4 g6 20. Qe4 Ng7 21. Bxd4
Nf5 22. Nxf5 Bxf5 23. Qe3 Ne6 24. Ba1 Rd3 25. Qf2 Qd8 26. Be4 Rd2 27. Re2 Rxe2
28. Qxe2 Bxe4 29. Qxe4 Qd2 30. Rf2 Qd1+ 31. Rf1 Qd2 32. Rf2 Qd1+ 33. Rf1
1/2-1/2

[Event "XXXV MEMORIAL IMIENIA LUDWIKA ZAMENHOFA"]
[Site "Bialystok"]
[Date "2016.??.??"]
[Round "2.30"]
[White "Rudzinska, Michalina"]
[Black "Cherepov, Alexej"]
[Result "0-1"]
[WhiteElo "1975"]
[BlackElo "2106"]
[PlyCount "114"]
[EventDate "2016.??.??"]

1. e4 Nf6 2. e5 Nd5 3. d4 d6 4. c4 Nb6 5. Nf3 Bg4 6. Be2 dxe5 7. dxe5 Qxd1+ 8.
Kxd1 Nc6 9. Bf4 O-O-O+ 10. Nbd2 h6 11. Kc1 g5 12. Bg3 Bg7 13. Re1 Bf5 14. a3
Nd7 15. Bf1 Nc5 16. Re3 a5 17. b3 Kb8 18. h3 Rd7 19. Ra2 Rhd8 20. Be2 e6 21.
Ne1 Bxe5 22. Bxe5 Nxe5 23. Rxe5 Rxd2 24. Rxd2 Nxb3+ 25. Kb2 Nxd2 26. Rxa5 Ne4
27. Bd3 b6 28. Re5 f6 29. Rxe4 Bxe4 30. Bxe4 Rd2+ 31. Nc2 Rxf2 32. Kc3 c5 33.
Kd3 Kc7 34. Ke3 Rf1 35. Bd3 Rg1 36. Kf3 h5 37. Kf2 Rc1 38. Ke3 h4 39. Kd2 Rg1
40. Ne1 Kd6 41. Ke2 f5 42. Kf2 Rh1 43. Bf1 g4 44. Nc2 Ke5 45. Ne3 Kf4 46. a4
g3+ 47. Ke2 Ke4 48. Nc2 e5 49. Ne1 Kd4 50. Nf3+ Kxc4 51. Nxe5+ Kb4 52. Nd7 Ka5
53. Ne5 Kxa4 54. Nc4 b5 55. Nd2 c4 56. Nf3 b4 57. Nxh4 b3 0-1

[Event "XXXV MEMORIAL IMIENIA LUDWIKA ZAMENHOFA"]
[Site "Bialystok"]
[Date "2016.??.??"]
[Round "2.31"]
[White "Walewski, Wojciech"]
[Black "Laszczak, Przemyslaw"]
[Result "1-0"]
[WhiteElo "2095"]
[BlackElo "1960"]
[PlyCount "77"]
[EventDate "2016.??.??"]

1. d4 d5 2. Nf3 Nf6 3. g3 g6 4. Bg2 Bg7 5. O-O O-O 6. c4 c6 7. Nbd2 Nbd7 8. b3
Ne4 9. Bb2 f5 10. Qc2 Qe8 11. cxd5 cxd5 12. Rac1 e5 13. dxe5 Nxe5 14. Nxe5 Bxe5
15. Bxe5 Qxe5 16. Nf3 Qf6 17. e3 Bd7 18. Qc7 Bc6 19. Nd4 Rfc8 20. Qa5 Qf7 21.
Rc2 b6 22. Qa3 Be8 23. Rfc1 Qb7 24. Bxe4 fxe4 25. Rxc8 Rxc8 26. Rxc8 Qxc8 27.
Qxa7 Bd7 28. Qxb6 Kg7 29. Qd6 h5 30. Qe5+ Kh7 31. Qxd5 Qc1+ 32. Kg2 Bh3+ 33.
Kxh3 Qf1+ 34. Kh4 Qxf2 35. h3 Qxe3 36. Qf7+ Kh6 37. Qf8+ Kh7 38. Ne6 Qh6 39.
Ng5+ 1-0

[Event "XXXV MEMORIAL IMIENIA LUDWIKA ZAMENHOFA"]
[Site "Bialystok"]
[Date "2016.??.??"]
[Round "2.35"]
[White "Beks, Edmunds"]
[Black "Malicka, Maria"]
[Result "1-0"]
[WhiteElo "2068"]
[BlackElo "1901"]
[PlyCount "95"]
[EventDate "2016.??.??"]

1. e4 e5 2. Nf3 Nc6 3. Bb5 a6 4. Bxc6 dxc6 5. Nc3 Qd6 6. O-O Bg4 7. h3 Bh5 8.
d3 O-O-O 9. a3 f6 10. Be3 c5 11. Rb1 Qc6 12. Nxe5 Qe8 13. Ng4 Bd6 14. Qf3 Qg6
15. Nd5 Ne7 16. Nf4 Bxf4 17. Qxf4 Bxg4 18. Qxg4+ Qxg4 19. hxg4 b6 20. g5 f5 21.
f3 Rhf8 22. Kf2 f4 23. Bd2 c4 24. Ke2 cxd3+ 25. cxd3 Nc6 26. Bc3 Rf7 27. Rh1 g6
28. Bf6 Rdd7 29. Rbc1 Nd4+ 30. Bxd4 Rxd4 31. Rc6 Rfd7 32. Rd1 R7d6 33. Rdc1 Rd7
34. Rd1 R7d6 35. Rxd6 Rxd6 36. Rh1 Rd7 37. Rh4 Rf7 38. d4 Kd7 39. Kd3 Ke6 40.
d5+ Ke5 41. Rh1 Rd7 42. Rc1 c5 43. b4 Rc7 44. bxc5 bxc5 45. Rb1 c4+ 46. Kc3 Kd6
47. Rb6+ Kc5 48. Rc6+ 1-0

[Event "XXXV MEMORIAL IMIENIA LUDWIKA ZAMENHOFA"]
[Site "Bialystok"]
[Date "2016.??.??"]
[Round "2.36"]
[White "Golecki, Jan"]
[Black "Oglaza, Oskar"]
[Result "1/2-1/2"]
[WhiteElo "1823"]
[BlackElo "2066"]
[PlyCount "54"]
[EventDate "2016.??.??"]

1. e4 c5 2. Nf3 d6 3. Bb5+ Bd7 4. Bxd7+ Qxd7 5. c4 Nc6 6. O-O g6 7. d4 cxd4 8.
Nxd4 Bg7 9. Be3 Nf6 10. Nc3 O-O 11. Rc1 Rfd8 12. Qd2 Rac8 13. b3 e6 14. Rfd1 b6
15. f3 Qe7 16. Nxc6 Rxc6 17. Bg5 Rd7 18. Qf4 Nh5 19. Qh4 Bf6 20. Bxf6 Qxf6 21.
Qxf6 Nxf6 22. Rd2 d5 23. cxd5 exd5 24. e5 Ne8 25. Ne2 Rxc1+ 26. Nxc1 Nc7 27.
Ne2 Ne6 1/2-1/2

[Event "XXXV MEMORIAL IMIENIA LUDWIKA ZAMENHOFA"]
[Site "Bialystok"]
[Date "2016.??.??"]
[Round "2.32"]
[White "Hrymowicz, Artur"]
[Black "Praczukowski, Stanislaw"]
[Result "0-1"]
[WhiteElo "1951"]
[BlackElo "2093"]
[PlyCount "82"]
[EventDate "2016.??.??"]

1. e4 c5 2. Nf3 d6 3. d4 cxd4 4. Nxd4 Nf6 5. Nc3 a6 6. Be2 e5 7. Nb3 Be7 8. Be3
Be6 9. O-O Nbd7 10. Qd2 b5 11. f3 Nb6 12. a3 Nc4 13. Bxc4 bxc4 14. Nc1 Rb8 15.
Rb1 Qc7 16. N1e2 O-O 17. Nd5 Bxd5 18. exd5 Qb7 19. Rfd1 Nd7 20. b4 f5 21. Nc3
Bh4 22. a4 f4 23. Bf2 Bxf2+ 24. Qxf2 Nf6 25. b5 Rfc8 26. Ne4 Nxe4 27. fxe4 Rc5
28. b6 Qd7 29. Qd2 a5 30. Ra1 Rxb6 31. c3 Rc8 32. Qa2 Qc7 33. Rab1 Rcb8 34.
Rxb6 Rxb6 35. Rb1 Qb7 36. Rc1 Rb3 37. Qe2 Qb6+ 38. Kf1 Rb2 39. Qe1 f3 40. gxf3
Rxh2 41. Rb1 Qxb1 0-1

[Event "XXXV MEMORIAL IMIENIA LUDWIKA ZAMENHOFA"]
[Site "Bialystok"]
[Date "2016.??.??"]
[Round "2.33"]
[White "Niedzwiedz, Marek"]
[Black "Harazinska, Magdalena"]
[Result "1-0"]
[WhiteElo "2088"]
[BlackElo "1930"]
[PlyCount "91"]
[EventDate "2016.??.??"]

1. e4 c5 2. Nf3 e6 3. d4 cxd4 4. Nxd4 a6 5. c4 Qc7 6. Nc3 Nf6 7. Qd3 d6 8. Be2
b6 9. O-O Bb7 10. f3 Nbd7 11. Be3 Be7 12. b3 O-O 13. Rac1 Rac8 14. Rfd1 Rfd8
15. Qd2 Qb8 16. Qe1 d5 17. exd5 exd5 18. Nxd5 Nxd5 19. cxd5 Qe5 20. Qf2 Bc5 21.
f4 Qe8 22. Nf5 Bxe3 23. Qxe3 Qxe3+ 24. Nxe3 Rxc1 25. Rxc1 Nf6 26. Bf3 Kf8 27.
Rd1 g6 28. Kf2 b5 29. g4 Rd6 30. g5 Nd7 31. Ng4 f5 32. Ne3 Nb6 33. h4 Rd7 34.
h5 Ke7 35. hxg6 hxg6 36. Rh1 Kf8 37. Rh6 Nxd5 38. Bxd5 Bxd5 39. Rxg6 Be4 40.
Rxa6 Rd2+ 41. Kg3 Rd3 42. Kf2 Rd2+ 43. Ke1 Rh2 44. Nxf5 Bd3 45. Nd4 b4 46. Ra4
1-0

[Event "XXXV MEMORIAL IMIENIA LUDWIKA ZAMENHOFA"]
[Site "Bialystok"]
[Date "2016.??.??"]
[Round "2.34"]
[White "Belczewski, Jacek"]
[Black "Kokoszczynski, Jan"]
[Result "1/2-1/2"]
[WhiteElo "1902"]
[BlackElo "2076"]
[PlyCount "74"]
[EventDate "2016.??.??"]

1. Nf3 Nf6 2. c4 e6 3. Nc3 d5 4. d4 Bb4 5. e3 O-O 6. Bd3 c5 7. O-O cxd4 8. exd4
dxc4 9. Bxc4 Nbd7 10. Bg5 Nb6 11. Bb3 Be7 12. Ne5 Nfd5 13. Bxe7 Nxe7 14. Qd3
Nbd5 15. Rad1 b6 16. f4 Bb7 17. Bc2 g6 18. Bb3 Rc8 19. Qh3 Nf5 20. Bxd5 Bxd5
21. g4 Nd6 22. g5 f5 23. gxf6 Qxf6 24. Nxd5 exd5 25. Qb3 Qe6 26. Rde1 Nc4 27.
Re2 Nxe5 28. Rxe5 Qg4+ 29. Qg3 Qxg3+ 30. hxg3 Rc2 31. Rf2 Rfc8 32. Rxd5 Rxf2
33. Kxf2 Rc2+ 34. Kf3 Rxb2 35. Rd8+ Kf7 36. Rd7+ Ke6 37. Rxa7 h5 1/2-1/2

[Event "XXXV MEMORIAL IMIENIA LUDWIKA ZAMENHOFA"]
[Site "Bialystok"]
[Date "2016.12.28"]
[Round "3.1"]
[White "Bobras, Piotr"]
[Black "Socko, Bartosz"]
[Result "1-0"]
[WhiteElo "2523"]
[BlackElo "2613"]
[PlyCount "99"]
[EventDate "2016.??.??"]

1. e4 e6 2. d4 d5 3. Nc3 Bb4 4. e5 c5 5. a3 Bxc3+ 6. bxc3 Qa5 7. Bd2 Qa4 8. Qg4
g6 9. Nf3 Nc6 10. Be2 b6 11. O-O cxd4 12. Nxd4 Nxd4 13. cxd4 Ba6 14. Bxa6 Qxa6
15. c4 Ne7 16. Bb4 Qb7 17. Bxe7 Qxe7 18. cxd5 exd5 19. f4 h5 20. Qh3 O-O 21.
Rac1 Rad8 22. Rc3 f5 23. Rc6 Kh7 24. Rfc1 Rg8 25. Qg3 Rg7 26. h4 Qb7 27. Qg5
Rdd7 28. R1c3 Rc7 29. Qxg6+ Rxg6 30. Rxc7+ Rg7 31. Rxb7 Rxb7 32. Kf2 a5 33. a4
b5 34. axb5 Rxb5 35. Rc5 Rb2+ 36. Kg3 Rb3+ 37. Kh2 a4 38. Rxd5 Rb4 39. e6 Kg7
40. e7 Kf7 41. Rxf5+ Kxe7 42. Rxh5 Rxd4 43. g3 a3 44. Ra5 Rd2+ 45. Kh3 a2 46.
Kg4 Kf6 47. Ra6+ Kg7 48. Kg5 Rd6 49. Ra7+ Kh8 50. Rxa2 1-0

[Event "XXXV MEMORIAL IMIENIA LUDWIKA ZAMENHOFA"]
[Site "Bialystok"]
[Date "2016.12.28"]
[Round "3.2"]
[White "Azarov, Sergei"]
[Black "Kveinys, Aloyzas"]
[Result "1/2-1/2"]
[WhiteElo "2600"]
[BlackElo "2518"]
[PlyCount "73"]
[EventDate "2016.??.??"]

1. e4 e5 2. Nf3 Nc6 3. Bb5 a6 4. Ba4 Nf6 5. O-O Be7 6. Re1 b5 7. Bb3 d6 8. c3
O-O 9. h3 Nb8 10. d4 Nbd7 11. Nbd2 Bb7 12. Bc2 Re8 13. Nf1 Bf8 14. Ng3 g6 15.
a4 Bg7 16. Bd3 c6 17. Bg5 Qc7 18. Qd2 Nf8 19. b4 Ne6 20. Be3 Nd7 21. Red1 bxa4
22. dxe5 Nxe5 23. Nxe5 dxe5 24. Bc4 a5 25. Bxe6 fxe6 26. Rxa4 Red8 27. Qe1 axb4
28. Rxa8 Bxa8 29. cxb4 Rxd1 30. Qxd1 Bb7 31. Bc5 Ba6 32. f3 Bb5 33. Nh1 Bf6 34.
Nf2 h5 35. Qd2 Kg7 36. Nd1 Qd8 37. Qxd8 1/2-1/2

[Event "XXXV MEMORIAL IMIENIA LUDWIKA ZAMENHOFA"]
[Site "Bialystok"]
[Date "2016.12.28"]
[Round "3.3"]
[White "Leniart, Arkadiusz"]
[Black "Markowski, Tomasz"]
[Result "0-1"]
[WhiteElo "2482"]
[BlackElo "2563"]
[PlyCount "68"]
[EventDate "2016.??.??"]

1. e4 c5 2. Nf3 e6 3. d4 cxd4 4. Nxd4 a6 5. Nc3 Qc7 6. g3 Nf6 7. Bg2 d6 8. O-O
Be7 9. a4 Nc6 10. Nb3 b6 11. f4 Rb8 12. Qe2 Nd7 13. Be3 Na5 14. Bd4 O-O 15. Nd2
Bb7 16. Rae1 Rbc8 17. Qf2 Nc6 18. Be3 Nb4 19. Nb3 Rfe8 20. g4 Bf8 21. Re2 g6
22. g5 Nc5 23. Qh4 d5 24. Rf3 Nxe4 25. Bd4 e5 26. fxe5 Qe7 27. e6 fxe6 28. Nxe4
dxe4 29. Rh3 Rxc2 30. Rxc2 Nxc2 31. Be5 Qd7 32. Rc3 Qd1+ 33. Bf1 Ne1 34. Qf4
Nf3+ 0-1

[Event "XXXV MEMORIAL IMIENIA LUDWIKA ZAMENHOFA"]
[Site "Bialystok"]
[Date "2016.12.28"]
[Round "3.4"]
[White "Stupak, Kirill"]
[Black "Koziak, Vitali"]
[Result "1/2-1/2"]
[WhiteElo "2562"]
[BlackElo "2479"]
[PlyCount "133"]
[EventDate "2016.??.??"]

1. Nf3 c5 2. c4 Nc6 3. Nc3 e5 4. e3 Nf6 5. d4 exd4 6. exd4 d5 7. Bg5 cxd4 8.
Nxd4 Be7 9. Be2 Nxd4 10. Qxd4 dxc4 11. Qxd8+ Bxd8 12. Bxc4 O-O 13. O-O Bd7 14.
Rad1 Bc6 15. Rfe1 Rc8 16. Rd4 h6 17. Bh4 Re8 18. Red1 g5 19. Bg3 Bb6 20. R4d2
Bxg2 21. Bxf7+ Kxf7 22. Kxg2 Ba5 23. Nb5 Bxd2 24. Nd6+ Kg6 25. Nxe8 Rc2 26. Nd6
Bf4 27. Bxf4 gxf4 28. Kf3 Rxb2 29. Rg1+ Kh5 30. Nf5 Rxa2 31. h3 Ra3+ 32. Kxf4
Nd5+ 33. Ke5 Ra5 34. Ng7+ Kh4 35. Rg3 Nc3+ 36. Ke6 Ne2 37. Nf5+ Kh5 38. Rg4
Rxf5 39. Kxf5 b5 40. Ke4 a5 41. Kd3 Nc1+ 42. Kc2 Na2 43. f4 Nb4+ 44. Kc3 Nc6
45. Rg7 Kh4 46. Rc7 Nd8 47. Rd7 Nc6 48. Rd5 b4+ 49. Kc4 a4 50. f5 Kg5 51. h4+
Kh5 52. Rc5 Nd8 53. Kxb4 Kxh4 54. f6 h5 55. Kxa4 Kg4 56. Rd5 Nf7 57. Rd7 Nh6
58. Rg7+ Kf5 59. f7 Nxf7 60. Rxf7+ Kg4 61. Kb3 h4 62. Kc3 h3 63. Kd3 h2 64. Rh7
Kg3 65. Ke2 Kg2 66. Rg7+ Kh1 67. Kf2 1/2-1/2

[Event "XXXV MEMORIAL IMIENIA LUDWIKA ZAMENHOFA"]
[Site "Bialystok"]
[Date "2016.12.28"]
[Round "3.5"]
[White "Nasuta, Grzegorz"]
[Black "Heberla, Bartlomiej"]
[Result "0-1"]
[WhiteElo "2448"]
[BlackElo "2553"]
[PlyCount "56"]
[EventDate "2016.??.??"]

1. e4 g6 2. d4 Bg7 3. Nc3 d6 4. f4 Nf6 5. Nf3 O-O 6. Bd3 Na6 7. O-O c5 8. d5
Rb8 9. f5 Nb4 10. Be2 gxf5 11. a3 Na6 12. exf5 Nc7 13. Ng5 b5 14. Nge4 Ncxd5
15. Nxd5 Nxe4 16. Bxb5 e6 17. Ne3 Qh4 18. Bd3 exf5 19. Qf3 Be5 20. g3 Qh3 21.
c3 Ng5 22. Qf2 Qh5 23. Bxf5 Bb7 24. Qc2 Nf3+ 25. Rxf3 Qxf3 26. Nf1 Rfe8 27. Bh3
Bd4+ 28. cxd4 Re2 0-1

[Event "XXXV MEMORIAL IMIENIA LUDWIKA ZAMENHOFA"]
[Site "Bialystok"]
[Date "2016.12.28"]
[Round "3.6"]
[White "Jakubowski, Krzysztof"]
[Black "Cukrowski, Filip"]
[Result "0-1"]
[WhiteElo "2531"]
[BlackElo "2372"]
[PlyCount "68"]
[EventDate "2016.??.??"]

1. d4 Nf6 2. Nf3 g6 3. Bf4 Bg7 4. h3 O-O 5. e3 d6 6. Bh2 Nfd7 7. c4 e5 8. Nc3
Nc6 9. Be2 Ne7 10. O-O h6 11. dxe5 Nxe5 12. Nxe5 dxe5 13. Qb3 c6 14. Rfd1 Qc7
15. Ne4 b6 16. Rd2 Be6 17. Rad1 Rad8 18. Nd6 Nc8 19. Nxc8 Qxc8 20. Qa4 Rxd2 21.
Rxd2 Rd8 22. Rxd8+ Qxd8 23. Qxc6 Qd2 24. Bf1 Qxb2 25. Qa8+ Kh7 26. Qxa7 Qb1 27.
Qa4 Bf5 28. Qb3 Qc1 29. c5 Be6 30. Qb5 bxc5 31. a4 c4 32. Bxe5 Bxe5 33. Qxe5 c3
34. a5 c2 0-1

[Event "XXXV MEMORIAL IMIENIA LUDWIKA ZAMENHOFA"]
[Site "Bialystok"]
[Date "2016.12.28"]
[Round "3.7"]
[White "Berzinsh, Roland"]
[Black "Kanarek, Marcel"]
[Result "1/2-1/2"]
[WhiteElo "2408"]
[BlackElo "2526"]
[PlyCount "83"]
[EventDate "2016.??.??"]

1. e4 c5 2. Nf3 Nc6 3. d4 cxd4 4. Nxd4 g6 5. Nc3 Bg7 6. Be3 Nf6 7. Bc4 O-O 8.
Bb3 Re8 9. h3 d6 10. O-O Na5 11. f4 a6 12. Qf3 b5 13. f5 Nxb3 14. axb3 Bb7 15.
Nd5 Rf8 16. c3 Rc8 17. b4 Rc4 18. Rad1 Nxd5 19. exd5 a5 20. bxa5 Qxa5 21. Qe4
b4 22. Qxe7 Qxd5 23. Rd2 bxc3 24. bxc3 Qe5 25. Bg5 Be4 26. fxg6 hxg6 27. Bf6
Bxf6 28. Qxf6 Rxc3 29. Nb5 Rc1 30. Qxe5 Rxf1+ 31. Kxf1 dxe5 32. Nd6 Bc6 33. Rc2
Bd7 34. Rc5 f6 35. Rc7 Be6 36. Kf2 Bd5 37. Rc5 Ba8 38. Rc7 Rd8 39. Nf7 Rf8 40.
Nh6+ Kh8 41. Nf7+ Kg8 42. Nh6+ 1/2-1/2

[Event "XXXV MEMORIAL IMIENIA LUDWIKA ZAMENHOFA"]
[Site "Bialystok"]
[Date "2016.12.28"]
[Round "3.8"]
[White "Szostko, Jakub"]
[Black "Wisniewski, Jacek"]
[Result "1-0"]
[WhiteElo "2234"]
[BlackElo "1878"]
[PlyCount "75"]
[EventDate "2016.??.??"]

1. e4 e5 2. Nf3 Nf6 3. Nxe5 d6 4. Nf3 Nxe4 5. d4 d5 6. Bd3 Bd6 7. O-O O-O 8. c4
c6 9. Re1 Nf6 10. h3 h6 11. Nc3 Be6 12. c5 Bc7 13. b4 b5 14. a4 bxa4 15. Rxa4
Bd7 16. Bd2 Qc8 17. b5 Qb7 18. Qb1 Re8 19. Rxe8+ Bxe8 20. bxc6 Qxb1+ 21. Bxb1
Nxc6 22. Bd3 Rd8 23. Ra1 Ne4 24. Nxe4 dxe4 25. Bxe4 Nxd4 26. Rxa7 Nxf3+ 27.
Bxf3 Be5 28. Ba5 Rc8 29. Ra8 Bd7 30. Bb7 Rxa8 31. Bxa8 Bc8 32. c6 Kf8 33. Bb7
Bxb7 34. cxb7 g6 35. Bd2 Ke8 36. Bxh6 Kd7 37. Bg7 Bd6 38. g4 1-0

[Event "XXXV MEMORIAL IMIENIA LUDWIKA ZAMENHOFA"]
[Site "Bialystok"]
[Date "2016.12.28"]
[Round "3.9"]
[White "Norov, Artem"]
[Black "Socko, Monika"]
[Result "1/2-1/2"]
[WhiteElo "1819"]
[BlackElo "2441"]
[PlyCount "43"]
[EventDate "2016.??.??"]

1. d4 Nf6 2. c4 e6 3. Nc3 Bb4 4. Nf3 O-O 5. Bg5 d5 6. e3 c5 7. Rc1 cxd4 8. Nxd4
Nc6 9. cxd5 exd5 10. Nxc6 bxc6 11. Bd3 h6 12. Bh4 Rb8 13. O-O Bd6 14. b3 Rb4
15. Bg3 Ng4 16. Be2 Bxg3 17. hxg3 Ne5 18. a3 Rb8 19. Qd4 Re8 20. b4 a5 21. b5
Bb7 22. bxc6 1/2-1/2

[Event "XXXV MEMORIAL IMIENIA LUDWIKA ZAMENHOFA"]
[Site "Bialystok"]
[Date "2016.12.28"]
[Round "3.10"]
[White "Czernek, Tymon"]
[Black "Teclaf, Pawel"]
[Result "1/2-1/2"]
[WhiteElo "1877"]
[BlackElo "2341"]
[PlyCount "79"]
[EventDate "2016.??.??"]

1. d4 Nf6 2. c4 c6 3. g3 d5 4. cxd5 cxd5 5. Nf3 Nc6 6. Nc3 e6 7. Bg2 Be7 8. O-O
O-O 9. Bg5 h6 10. Bf4 Nh5 11. Bc1 Nf6 12. Bf4 Nh5 13. Bc1 Qb6 14. Ne5 Nf6 15.
Nxc6 Qxc6 16. Re1 Bd7 17. e4 dxe4 18. Nxe4 Qb6 19. Nxf6+ Bxf6 20. Be3 Qxb2 21.
Rb1 Qxa2 22. Rxb7 Ba4 23. Qa1 Qxa1 24. Rxa1 Bc2 25. Rc7 Rac8 26. Rxc8 Rxc8 27.
Rc1 a5 28. Be4 Bxe4 29. Rxc8+ Kh7 30. Rc7 Kg6 31. Kf1 a4 32. Ra7 Bc2 33. g4 Bd8
34. Kg1 Bb3 35. Ra6 Bf6 36. f4 Kh7 37. Ra7 Kg6 38. Ra6 Be7 39. d5 Bxd5 40. Rxa4
1/2-1/2

[Event "XXXV MEMORIAL IMIENIA LUDWIKA ZAMENHOFA"]
[Site "Bialystok"]
[Date "2016.12.28"]
[Round "3.11"]
[White "Dzhuguryan, Tygran"]
[Black "Klimaszewski, Dariusz"]
[Result "1-0"]
[WhiteElo "2176"]
[BlackElo "2161"]
[PlyCount "93"]
[EventDate "2016.??.??"]

1. d4 b5 2. e4 Bb7 3. Bxb5 Bxe4 4. Nf3 Nf6 5. O-O e6 6. Re1 Be7 7. Nbd2 Bb7 8.
c4 O-O 9. a3 d6 10. Qe2 a5 11. d5 e5 12. Nd4 Ba6 13. Nc6 Nxc6 14. Bxc6 Rb8 15.
b4 axb4 16. axb4 Bc8 17. b5 Nd7 18. Nb3 Bf6 19. Ra7 Nb6 20. Be3 Bg5 21. Na5
Bxe3 22. Qxe3 f6 23. c5 dxc5 24. Qxc5 Qd6 25. Qxd6 cxd6 26. Rc1 Rf7 27. Rxf7
Kxf7 28. Nc4 Nxc4 29. Rxc4 Bb7 30. f3 Ke7 31. b6 Kd8 32. Rb4 g6 33. Kf2 f5 34.
Kg3 Ke7 35. Kh4 h6 36. g4 f4 37. Kh3 Kf6 38. Kg2 Kg5 39. Kf2 h5 40. gxh5 Kxh5
41. Ke2 Kg5 42. Bxb7 Rxb7 43. Kd3 Kf6 44. Kc4 g5 45. h3 Ke7 46. Kb5 Kd7 47. Rc4
1-0

[Event "XXXV MEMORIAL IMIENIA LUDWIKA ZAMENHOFA"]
[Site "Bialystok"]
[Date "2016.12.28"]
[Round "3.12"]
[White "Kowalczyk, Pawel"]
[Black "Smieszek, Wojciech"]
[Result "1-0"]
[WhiteElo "2353"]
[BlackElo "2185"]
[PlyCount "117"]
[EventDate "2016.??.??"]

1. d4 Nf6 2. Nf3 c5 3. c4 cxd4 4. Nxd4 Nc6 5. g3 g6 6. Nc2 Bg7 7. Bg2 O-O 8.
O-O d6 9. Nc3 Be6 10. Nd5 Na5 11. Nd4 Nxc4 12. Nxe6 fxe6 13. Nf4 Qb6 14. Nxe6
Rf7 15. Ng5 Ne5 16. Nxf7 Nxf7 17. Qb3 Qxb3 18. axb3 d5 19. Rd1 e6 20. Bh3 Nd8
21. Be3 a6 22. Rac1 Ne8 23. Bd4 Bxd4 24. Rxd4 Kf7 25. Rf4+ Ke7 26. Rh4 Nf6 27.
Rb4 b5 28. Ra1 Nc6 29. Rxb5 axb5 30. Rxa8 Kd6 31. Ra6 Ne4 32. e3 Nc5 33. Ra8
Nxb3 34. Rh8 h5 35. Rg8 Ne5 36. Rb8 Kc6 37. Bxe6 Nc5 38. Bg8 Ncd3 39. b3 Nc5
40. Rc8+ Kd6 41. Rd8+ Ncd7 42. f4 Nc6 43. Rxd7+ Kxd7 44. Bxd5 Ne7 45. Be4 Kd6
46. b4 Nd5 47. Bxg6 h4 48. Kf2 hxg3+ 49. hxg3 Nxb4 50. e4 Na2 51. e5+ Ke6 52.
Bc2 Nc3 53. Bb3+ Kf5 54. Kf3 Kg6 55. g4 b4 56. f5+ Kg5 57. f6 Kg6 58. Bc2+ Kf7
59. g5 1-0

[Event "XXXV MEMORIAL IMIENIA LUDWIKA ZAMENHOFA"]
[Site "Bialystok"]
[Date "2016.12.28"]
[Round "3.13"]
[White "Gurbanov, Andrei"]
[Black "Walkusz, Witoslaw"]
[Result "1-0"]
[WhiteElo "2330"]
[BlackElo "2171"]
[PlyCount "89"]
[EventDate "2016.??.??"]

1. d4 Nf6 2. c4 c5 3. Nf3 cxd4 4. Nxd4 Nc6 5. Nc3 Qa5 6. Nb3 Qb6 7. e4 d6 8.
Be3 Qd8 9. Be2 g6 10. c5 a6 11. cxd6 Qxd6 12. Qxd6 exd6 13. f3 Be6 14. Rd1 Be7
15. Kf2 O-O 16. g4 Rfd8 17. g5 Ne8 18. Nd4 Nxd4 19. Rxd4 Rac8 20. Rhd1 Nc7 21.
f4 Ne8 22. Bf3 Rc4 23. Rxc4 Bxc4 24. f5 f6 25. h4 b5 26. Nd5 Bxd5 27. Rxd5 Rc8
28. Rd2 gxf5 29. exf5 Kf8 30. g6 hxg6 31. Bh6+ Kg8 32. fxg6 Ng7 33. Bf4 Nf5 34.
h5 Kg7 35. Bg4 Rc4 36. Kf3 Nd4+ 37. Kg3 f5 38. Bd1 Ne6 39. Bxd6 Bh4+ 40. Kg2
Kf6 41. Re2 Rg4+ 42. Kh2 Nf4 43. Be5+ Kg5 44. Bxf4+ Kxf4 45. Rf2+ 1-0

[Event "XXXV MEMORIAL IMIENIA LUDWIKA ZAMENHOFA"]
[Site "Bialystok"]
[Date "2016.12.28"]
[Round "3.14"]
[White "Kusenkova, Natallia"]
[Black "Olhovik, Andrei"]
[Result "0-1"]
[WhiteElo "2163"]
[BlackElo "2297"]
[PlyCount "125"]
[EventDate "2016.??.??"]

1. Nf3 c5 2. c4 g6 3. d4 cxd4 4. Nxd4 Nc6 5. e4 d6 6. Nc3 Bh6 7. Be2 Bxc1 8.
Rxc1 Nf6 9. O-O O-O 10. Nc2 Be6 11. Ne3 Qa5 12. Kh1 Rfc8 13. f4 Qb6 14. Qd2 Qd4
15. Rfd1 Qxd2 16. Rxd2 Bd7 17. Ned5 Nxd5 18. Nxd5 Be6 19. Rdd1 Kf8 20. Kg1 Nb8
21. Kf2 Nd7 22. Ke3 a5 23. g4 f5 24. gxf5 gxf5 25. Bf3 Rc5 26. exf5 Bxf5 27. b3
Rb8 28. Nc3 Nf6 29. Rg1 Bg6 30. Rg5 b6 31. Rcg1 e6 32. Rd1 Ke7 33. h4 Rg8 34.
Na4 Rxg5 35. hxg5 Nd7 36. Bc6 Rb8 37. Be4 b5 38. cxb5 Rxb5 39. Bxg6 hxg6 40.
Rh1 e5 41. Rh7+ Ke6 42. Nc3 exf4+ 43. Kxf4 Rf5+ 44. Ke3 Rxg5 45. Ne2 Re5+ 46.
Kf3 Nf6 47. Ra7 g5 48. a3 Rd5 49. b4 axb4 50. axb4 Rd3+ 51. Kg2 Nd5 52. b5 Nf4+
53. Nxf4+ gxf4 54. Ra4 Rb3 55. Rxf4 Rxb5 56. Rf1 Rg5+ 57. Kh3 d5 58. Re1+ Kf5
59. Rd1 Ke4 60. Kh4 Rg8 61. Re1+ Kf3 62. Rd1 Rd8 63. Re1 0-1